Etica cristiana y sociedad de la exclusión a la comunión
Na minha lista:
| Autor principal: | |
|---|---|
| Formato: | Livro |
| Idioma: | espanhol |
| Publicado em: |
Antofagasta
Universidad Católica del Norte
2007
|
| Edição: | 1a. ed |
| Colecção: | Ver Más Alla
|
| Assuntos: | |
| Tags: |
Adicionar Tag
Sem tags, seja o primeiro a adicionar uma tag!
|
MARC
| LEADER | 00000nam a2200000 a 4500 | ||
|---|---|---|---|
| 001 | UCI8657 | ||
| 003 | CL-VaPUC | ||
| 008 | 080922e20070000CL |||||||||||||||||spa|d | ||
| 020 | |a 9789562872683 | ||
| 082 | 0 | 4 | |a 240 |b HAL |2 21 |
| 100 | |a Hallet Collard, Carlos |e autor |9 814651 | ||
| 245 | 1 | 0 | |a Etica cristiana y sociedad de la exclusión a la comunión |
| 250 | |a 1a. ed | ||
| 300 | |a 111 p | ||
| 942 | |c BK | ||
| 945 | |d 20080922 00:00:00 |a rbrito | ||
| 260 | |a Antofagasta |b Universidad Católica del Norte |c 2007 | ||
| 650 | 0 | |a Ética cristiana |9 308677 | |
| 650 | 0 | |a Cristianismo |9 257361 | |
| 650 | 0 | |a No violencia activa |9 532216 | |
| 650 | 0 | |a Liberalismo |9 255715 | |
| 650 | 0 | |a Medios de comunicación de masas |9 257273 | |
| 583 | |a last modification |c 20080922 00:00:00 |k Rodrigo Vera | ||
| 490 | 0 | |a Ver Más Alla | |
| 999 | |c 331473 |d 331471 | ||
| 952 | |0 0 |1 0 |4 0 |6 240_000000000000000_HAL_2007 |7 0 |8 A |9 418157 |a BIBTEO |b BIBTEO |d 2019-11-22 |i 4482255 |o 240 HAL 2007 |p 4482255 |r 2025-01-17 |w 2019-11-22 |y BK |k ICR | ||